000 01942nam0a2200337 4500
001 RU\NLR\BIBL_A\022619618
005 20251120153704.0
010 _a978-5-908031-01-1
_9100
021 _aRU
_bКН-П-25-042374
_9КН-П-25-4123
035 _a(NLR Aleph) 022619618
090 _a13465347
_c13465347
100 _a20250911d2025 k y0rusy50 ca
101 0 _arus
102 _aRU
105 _ay j 000yy
181 0 _ai4
_baxxe
182 0 _an
200 1 _aМенеджмент
_eучебное пособие
_eнаправление подготовки: 38.03.01 "Экономика", 38.03.04 "Государственное и муниципальное управление", форма обучения: очная, очно-заочная
_fД. В. Гоненко, Л. С. Геворгян
_gРоссийская академия народного хозяйства и государственной службы при Президенте Российской Федерации, Институт государственной службы и управления, Факультет государственного управления экономикой, Кафедра экономики и финансов общественного сектора
203 _aТекст
_bвизуальный
_cнепосредственный
210 _aМосква
_cНАУЧНАЯ БИБЛИОТЕКА
_d2025
215 _a51 с.
_d21
320 _aБиблиогр.: с. 46 (10 назв.)
333 _a16+
606 1 _aМенеджмент
_jУчебные издания для высших учебных заведений
_2nlr_sh1
_2nlr_sh2
_3RU\NLR\AUTH\66685658
686 1 _aУ21(0)я73
700 1 _aГоненко
_bД. В.
_gДаниил Владимирович
701 1 _aГеворгян
_bЛ. С.
942 _cBOOK
980 _aNB